Dictionary of banking /
Salvato in:
| Autore principale: | |
|---|---|
| Natura: | Libro |
| Lingua: | inglese |
| Pubblicazione: |
London :
Pitman Publishing,
1992
|
| Edizione: | 1.vyd. |
| Soggetti: | |
| Tags: |
Nessun Tag, puoi essere il primo ad aggiungerne!!
|
MARC
| LEADER | 00000nam a22000003a 4500 | ||
|---|---|---|---|
| 001 | stu7913 | ||
| 005 | 20150617225806.8 | ||
| 008 | 950601s1992----uk------------------eng-d | ||
| 020 | |a 0-273-60829-0 | ||
| 040 | |a STU |b slo | ||
| 041 | 0 | |a eng | |
| 044 | |a uk | ||
| 080 | |a 336.71(038) | ||
| 100 | 1 | |a Klein, Gerald |4 aut | |
| 245 | 1 | |a Dictionary of banking / |c [aut.] Klein,Gerald | |
| 250 | |a 1.vyd. | ||
| 260 | |a London : |b Pitman Publishing, |c 1992 | ||
| 300 | |a 286 s | ||
| 650 | 7 | |a bankovníctvo |2 stusub | |
| 650 | 7 | |a angličtina |2 stusub | |
| 996 | |b E79920 |c E*79920 |l EE18 |s P |a 0 |w stu7913_0001 | ||